| 000 | 00346nam a2200121Ia 4500 | ||
|---|---|---|---|
| 008 | 191014s9999 xx 000 0 und d | ||
| 082 |
_a338.5 _bVAR |
||
| 100 |
_aHal R. Varian _923975 |
||
| 245 | 0 | _aIntermediate Microeconomics a Modern Approach(Sith Edition) | |
| 260 |
_aPakistan _bNational Books Fundation |
||
| 300 | _aXxiv,688 | ||
| 942 | _cBK | ||
| 999 |
_c531124 _d531124 |
||